000 00682nam a2200181 i 4500
001 65964
003 ES-MaACL
005 20231103062529.0
007 t|
008 040123s1935 fr ||||1| fre d
100 1 _aFunck-Brentano, Frantz (
_d1862-1947)
_953022
245 1 3 _aLa Révolution française
_b: las causes de la révolution : l'Assemblée Constituante : l'Assemblée Legislative : la Convention Nationale : le Directoire /
_cF. Funck-Brentano.
260 _aParís :
_bFlammarion,
_c[1935] (
_fImp. E. Desfosses)
300 _a64 p. ;
_c26 cm.
651 4 _aFrancia-
_xHistoria-
_y1789-1799, Revolución
_98685
852 _aES-MaACL
_j1810-F-10
999 _c65964
_d65964